000 00257nam a2200109Ia 4500
005 20251222114345.0
008 251222s1900||||xx |||||||||||||| ||spa||
082 _aDVD0070/T99/1998
245 0 _aCorre Lola Corre
264 _bX-Filme Creative Pool
942 _cDVD
999 _c998
_d998